000 00418nam a2200133Ia 4500
008 211109s9999||||xx |||||||||||||| ||und||
082 _a494.8125
_bRAJ-K
100 _aRajaraja Varma, A R
245 0 _aKeralapaniniyam
260 _bRamavarma Appanthampuran
_aMisplace
_c1955
630 _xGeneral Stack
650 _aMalayalam language
_vGrammarLanguageAltaic, Uralic, Hyperborean & Dravidian
_xGeneralia
942 _cBOOK
999 _c35706
_d35706